[Event "Stepanov Memorial op"]
[Site "Sochi"]
[Date "2005.10.??"]
[Round "1"]
[White "Skorchenko, Dmitry"]
[Black "Timashev, Victor"]
[Result "1-0"]
[WhiteElo "2464"]
[BlackElo "2197"]
[PlyCount "75"]
[EventDate "2005.10.13"]
[EventType "swiss"]
[EventRounds "9"]
[EventCountry "RUS"]
[SourceTitle "EXT 2007"]
[Source "ChessBase"]
[SourceDate "2006.11.23"]
[SourceVersion "1"]
[SourceVersionDate "2006.11.23"]
[SourceQuality "1"]

1. e4 c5 2. Nf3 e6 3. Nc3 a6 4. d4 cxd4 5. Nxd4 Qc7 6. Bd3 Nc6 7. Be3 b5 8. Nxc6 dxc6 9. a4 b4 10. Nb1 a5 11. Nd2 Nf6 12. f4 Ba6 13. Bxa6 Rxa6 14. 0-0 Be7 15. Qf3 0-0 16. b3 c5 17. Rae1 Qc6 18. g4 Raa8 19. g5 Nd7 20. h4 f6 21. Qg2 f5 22. exf5 Qxg2+ 23. Kxg2 Rxf5 24. Nc4 Ra6 25. Bc1 Bd8 26. Rd1 Rd5 27. Kf3 Bc7 28. Ke4 Rxd1 29. Rxd1 Nf8 30. h5 Kf7 31. Bb2 g6 32. h6 Ke8 33. Be5 Bxe5 34. fxe5 Ke7 35. Nd6 Nd7 36. Rf1 Kd8 37. Rf7 Ra7 38. Kf4 1-0

[Event "Stepanov Memorial op"]
[Site "Sochi"]
[Date "2005.10.??"]
[Round "6"]
[White "Timashev, Victor"]
[Black "Korobkov, Piotr"]
[Result "0-1"]
[WhiteElo "2197"]
[BlackElo "2396"]
[PlyCount "84"]
[EventDate "2005.10.13"]
[EventType "swiss"]
[EventRounds "9"]
[EventCountry "RUS"]
[SourceTitle "EXT 2007"]
[Source "ChessBase"]
[SourceDate "2006.11.23"]
[SourceVersion "1"]
[SourceVersionDate "2006.11.23"]
[SourceQuality "1"]

1. c4 e6 2. Nc3 Nf6 3. e4 c5 4. Nf3 Nc6 5. d4 cxd4 6. Nxd4 Bb4 7. Nxc6 dxc6 8. Qxd8+ Kxd8 9. Bd2 e5 10. f3 Ke7 11. a3 Bc5 12. Na4 Bd4 13. Bb4+ Ke8 14. 0-0-0 b6 15. Be2 Be6 16. b3 Nd7 17. Kc2 f6 18. h4 Bf7 19. h5 Nf8 20. f4 Ne6 21. f5 Nd8 22. Rh3 c5 23. Be1 Ke7 24. b4 Nb7 25. bxc5 bxc5 26. Rb1 Nd6 27. Rhb3 Rhd8 28. Nc3 Bxc3 29. Bxc3 Rd7 30. Rd1 Rb7 31. Rxb7+ Nxb7 32. g4 h6 33. Rb1 Nd6 34. Ba5 Kd7 35. Bd3 Kc6 36. Kc3 Nb7 37. Rb5 Nxa5 38. Rxa5 a6 39. Bc2 Kb6 40. Ra4 Rd8 41. Rb4+ cxb4+ 42. axb4 Rd4 0-1

[Event "Krasnodar Stepanov Memorial op"]
[Site "Krasnodar"]
[Date "2004.10.??"]
[Round "8"]
[White "Simonian, Vladislav"]
[Black "Timashev, Victor"]
[Result "0-1"]
[WhiteElo "2096"]
[BlackElo "2133"]
[PlyCount "68"]
[EventDate "2004.10.??"]
[EventType "swiss"]
[EventRounds "9"]
[EventCountry "RUS"]
[SourceTitle "EXT 2006"]
[Source "ChessBase"]
[SourceDate "2005.11.24"]
[SourceVersion "1"]
[SourceVersionDate "2005.11.24"]
[SourceQuality "1"]

1. d4 d5 2. c4 c6 3. cxd5 cxd5 4. Nc3 Nf6 5. Bf4 Nc6 6. e3 a6 7. Bd3 e6 8. a3 Bd6 9. Bxd6 Qxd6 10. f4 0-0 11. Nf3 b5 12. 0-0 g6 13. Ne5 Na5 14. Rf3 Nc4 15. Qe2 Ra7 16. Rh3 Rc7 17. g4 Ne8 18. g5 f6 19. gxf6 Nxf6 20. Kh1 Rg7 21. Rg1 Qc7 22. Qf2 Nxe5 23. dxe5 Nd7 24. Qh4 Kf7 25. Ne2 d4 26. Nxd4 Bb7+ 27. e4 Qb6 28. Nb3 Ke8 29. Rf1 Rgf7 30. Qh6 Nxe5 31. Bb1 Ng4 32. Qh4 Rxf4 33. Rxf4 Rxf4 34. Qg3 Nf2+ 0-1